| 000 | 00514nam a22001937a 4500 | ||
|---|---|---|---|
| 003 | CEME | ||
| 005 | 20210628202846.0 | ||
| 008 | 210126b xxu||||| |||| 00| 0 eng d | ||
| 020 | _a81-7808-501-1 | ||
| 040 | _c. | ||
| 082 | _a621.38173 GAY | ||
| 100 |
_aGayakwad, Ramakant .A _961995 |
||
| 245 | _a Op-amps and linear integrated circuits | ||
| 250 | _a4TH | ||
| 260 |
_aNEW DELHI _bPEARSON EDUCATION _c2005 |
||
| 300 | _aXV,543 P | ||
| 650 |
_aOP-AMPS .LINEAR INTEGRATED CIRCUITS _961996 |
||
| 942 |
_cBK _2ddc |
||
| 999 |
_c571248 _d571248 |
||